00902nac a22002531u 4500010001600000020001500016082001300031090001500044100003400059245007400093250001200167260004600179300004500225440004100270500002700311504006400338511002800402650003800430650001400468650002300482942001500505999001500520952011300535 a 94071490 a003097564600a337bKRE c6890d6890 aKreinin, Mordechai Eli 10aInternational economics :ba policy approach /cMordechai E. Kreinin. a7th ed. aFort Worth :bDryden Press,c1995.cc1995. axx, 492 p. :bill. (some col.) ;c24 cm. 4aThe Dryden Press series in economics aDistributer: Al-Ahram. aIncludes bibliographical references (p. 477-478) and index. aCatalogued By: Mahitab. 0aInternational economic relations. 0aCommerce. 0aCommercial policy. cBBk337KRE c6890d6890 00104070aMAINbMAINc1STd2007-12-09ePurchasel2o337KREp000008543r2025-07-15 00:00:00s2019-11-13yBB